| 000 | 01172njm a22002777a 4500 | ||
|---|---|---|---|
| 005 | 20100909150844.0 | ||
| 006 | a|||||r|||||00| 0 | ||
| 007 | sd ammalaaahaa | ||
| 008 | 100909t xxu||||| |||| 00| 0 eng d | ||
| 028 |
_aN.54883 _bHis Master's Voice |
||
| 035 | _aGR-01649 | ||
| 040 |
_aSED _cSED |
||
| 100 |
_917690 _aJ.B. |
||
| 245 |
_aDo-Badan / _cby J.B.Productions;sung by Mohd.Rafi; music by Ravi; lyric by Shakeel Badayuni _h[Sound Recording] : |
||
| 246 | _aदो - बदन / | ||
| 260 |
_aDum Dum India _bHis Master' Voice _c1965 |
||
| 300 |
_a1 sound disc (Gramophone Recording) _banalog, 33 1/3 rpm _c9.5 in. (MP) _fGramophone Record |
||
| 500 | _aBrief Record | ||
| 505 | _aSide-1 भरी दुनियामें आखिर (Bhari Duniyamein Aakhir) (Mohd.Rafi) -- Side-2 रहा गर्दिशों में हरदम (Raha Gardishon Mein Hardam) (Mohd.Rafi). | ||
| 650 |
_aClassical Music _xExcerpts _zIndia _917691 |
||
| 700 |
_aMohd.Rafi _919211 |
||
| 700 |
_aRavi _919212 |
||
| 700 |
_aBadayuni, Shakeel _919213 |
||
| 942 |
_2ddc _cGR |
||
| 999 |
_c44865 _d44865 |
||